LEADER 01040nas 2200385 c 450 001 9910892409803321 005 20260218111135.0 011 $a3047-406X 035 $a(DE-599)ZDB3186923-3 035 $a(OCoLC)1436453344 035 $a(DE-101)1328685462 035 $a(CKB)5670000000941709 035 $a(DE-599)3186923-3 035 $a(EXLCZ)995670000000941709 100 $a20240508a20249999 |y | 101 0 $aeng 135 $aur||||||||||| 181 $ctxt$2rdacontent 182 $cc$2rdamedia 183 $acr$2rdacarrier 200 00$aJournal of marine studies$eJoMS 210 31$aNorth Aceh, Indonesia$cDepartment of Marine Science, Universitas Malikussaleh$d[2024] - 215 $aOnline-Ressource 300 $aGesehen am 08.05.2024 608 $aZeitschrift$2gnd-content 676 $a333.7 676 $a550 676 $a570 801 0$b0005 801 1$bDE-101 801 2$b9999 906 $aJOURNAL 912 $a9910892409803321 996 $aJournal of Marine Studies$94243400 997 $aUNINA